书目信息 |
| 题名: |
通货膨胀会计
|
|
| 作者: | 葛家澍 编著 | |
| 分册: | ||
| 出版信息: | 北京 中国财政经济出版社 1985.5 |
|
| 页数: | 108页 | |
| 开本: | 19cm | |
| 丛书名: | ||
| 单 册: | ||
| 中图分类: | F821.3-67 | |
| 科图分类: | ||
| 主题词: | 通货膨胀--参考资料--世界 | |
| 电子资源: | ||
| ISBN: | ||
| 000 | 00574nam0 2200205 45 | |
| 001 | 0404300893 | |
| 005 | 20050111103352.3 | |
| 010 | @dCNY0.60 | |
| 091 | @a4166.574 | |
| 100 | @a20040430d1985 km y0chiy0120 ea | |
| 101 | 0 | @achi |
| 105 | @a z 000yy | |
| 200 | 1 | @a通货膨胀会计@ATong Huo Peng Zhang Kuai Ji@f葛家澍编著@FGe Jia Shu BianZhu |
| 210 | @a北京@c中国财政经济出版社@d1985.5 | |
| 215 | @a108页@d19cm | |
| 606 | 0 | @a通货膨胀@x参考资料@x世界 |
| 690 | @aF821.3-67@v3 | |
| 701 | 0 | @a葛家澍@4编著 |
| 801 | @aCN@bPftUser@c20040430 | |
| 905 | @dF821.3-67@e7@f1@b155286 | |
| 通货膨胀会计/葛家澍编著.-北京:中国财政经济出版社,1985.5 |
| 108页;19cm |
| ISBN :CNY0.60 |
| ● |
| 相关链接 |
|
|
|
|
正题名:通货膨胀会计
索取号:F821.3-67/7
 
预约/预借
| 序号 | 登录号 | 条形码 | 馆藏地/架位号 | 状态 | 备注 |
| 1 | 0155285 | 000491916 | 密集书库/ [索取号:F821.3-67/7] | 在馆 | |
| 2 | 0155286 | 000491872 | 密集书库/ [索取号:F821.3-67/7] | 在馆 | |
| 3 | 0155287 | 000491881 | 第一借阅区/ [索取号:F821.3-67/7] | 在馆 | |
| 4 | 0155288 | 000491890 | 密集书库/ [索取号:F821.3-67/7] | 在馆 | |
| 5 | 0155289 | 000491907 | 第一借阅区/ [索取号:F821.3-67/7] | 在馆 |